000 00919cam a22002897a 4500
003 CHAP
005 20220329141918.0
008 980527d1913 mx a r 00110 spa d
010 _a75627
011 _a76599
035 _a86184
040 _cCHAP
090 _aFolleto 15112
100 0 0 _aAlcaraz, Jose R.
_93581
245 1 4 _aLos zacates forrajeros en México :
_bapuntes sobre agrostología
_c/por José R. Alcaraz
260 _aMéxico, D.F. :
_bSecretaría de Fomento,
_c1913.
300 _a62 p. :
_bilus. ; gráfs.
500 _aEsta obra también se catalogó en 633.2 C3
590 _aBATCH-UPD
_b10
_c20130110
_lUCH01
_h2056
590 _aBATCH-UPD
_b10
_c20130410
_lUCH01
_h1409
590 _aCONVERSION
_b10
_c20130109
_lUCH01
_h1341
650 1 4 _aPlantas forrajeras.
_988943
901 _aBK
905 _aGuadalupe Pinto C.
942 _cFOLL
949 _aFolleto 15112
_bBC
_cBPP
_d861841
_eBPP
_i86184
_sb
999 _c75627
_d75627